[Event "Bad Woerishofen sen"]
[Site "?"]
[Date "2007.03.11"]
[Round "4"]
[White "Weber Dr. Gerhard, GerhardDr"]
[Black "Hoennekes, Klaus"]
[Result "0-1"]
[WhiteElo "1952"]
[BlackElo "2119"]
[PlyCount "54"]
[EventDate "2007.??.??"]

1. e4 g6 2. d4 Bg7 3. c4 c5 4. d5 d6 5. Bd3 Nf6 6. Nc3 a6 7. Nge2 O-O 8. O-O
Ng4 9. h3 Ne5 10. f4 Nxd3 11. Qxd3 f5 12. Ng3 b5 13. exf5 bxc4 14. Qxc4 gxf5
15. Re1 Qe8 16. Qe2 Qg6 17. Kh2 Rf7 18. Bd2 Nd7 19. Qh5 Rb8 20. Qxg6 hxg6 21.
b3 Nb6 22. Rad1 Bb7 23. Re6 Bf6 24. Be1 Kh7 25. Nge2 Kg7 26. Ng1 Kf8 27. Rxf6
exf6 0-1

[Event "Bad Woerishofen sen"]
[Site "?"]
[Date "2007.03.11"]
[Round "4"]
[White "Fels, Karl-Heinz"]
[Black "Fischer Ernst, Ernst"]
[Result "0-1"]
[WhiteElo "1940"]
[BlackElo "2109"]
[PlyCount "58"]
[EventDate "2007.??.??"]

1. e4 e6 2. d4 d5 3. Nc3 Bb4 4. e5 c5 5. a3 Bxc3+ 6. bxc3 Qc7 7. Bd2 Ne7 8. Qg4
O-O 9. Bd3 f6 10. f4 f5 11. Qh3 b6 12. g4 Ba6 13. gxf5 Bxd3 14. Qxd3 Nxf5 15.
Ne2 Nc6 16. Rg1 Na5 17. Ng3 Nc4 18. Nxf5 Rxf5 19. Rg4 Raf8 20. Ke2 R8f7 21. Qg3
Qe7 22. a4 cxd4 23. cxd4 Nxd2 24. Kxd2 Qb4+ 25. Kc1 Qxd4 26. c3 Qe4 27. Kb2
Rxf4 28. Rg5 Rf2+ 29. Ka3 Qc2 0-1

[Event "Bad Woerishofen sen"]
[Site "?"]
[Date "2007.03.11"]
[Round "4"]
[White "Neumann, Erwin"]
[Black "Schulte-Braeucker, H."]
[Result "0-1"]
[WhiteElo "1975"]
[BlackElo "2080"]
[PlyCount "62"]
[EventDate "2007.??.??"]

1. e4 d6 2. d4 Nf6 3. Nc3 g6 4. Be3 Bg7 5. Qd2 Ng4 6. h3 Nxe3 7. Qxe3 Nc6 8.
Nf3 e5 9. d5 Nd4 10. Bd3 c5 11. b3 Qa5 12. O-O Qxc3 13. Nd2 b5 14. a4 Bd7 15.
Ra2 c4 16. bxc4 bxa4 17. Nb1 Qa5 18. Na3 a6 19. Rb1 O-O 20. Rab2 f5 21. Rb7 Qd8
22. R7b6 f4 23. Qe1 Bxh3 24. Bf1 Bc8 25. c3 Nb3 26. R6xb3 axb3 27. Rxb3 f3 28.
Qe3 fxg2 29. Bxg2 Qh4 30. Rb2 Bh6 31. Qe1 Bh3 0-1

[Event "Bad Woerishofen sen"]
[Site "?"]
[Date "2007.03.11"]
[Round "4"]
[White "Fahnenschmidt, GerhardDr"]
[Black "Goy, Udo"]
[Result "0-1"]
[WhiteElo "2140"]
[BlackElo "2217"]
[PlyCount "138"]
[EventDate "2007.??.??"]

1. c4 e6 2. d4 Nf6 3. Nc3 d5 4. cxd5 exd5 5. Bg5 Nbd7 6. e3 Be7 7. Bd3 c6 8.
Nge2 O-O 9. O-O Re8 10. f3 c5 11. dxc5 Nxc5 12. Bb5 Bd7 13. Nf4 Bxb5 14. Nxb5
Qb6 15. Nd4 Qxb2 16. Rf2 Qa3 17. Bxf6 Bxf6 18. Nxd5 Be5 19. f4 Bxd4 20. exd4
Ne4 21. Rf3 Qa5 22. Qb3 Nd2 23. Nf6+ gxf6 24. Rg3+ Kf8 25. Qxb7 Qb6 26. Qd5
Rad8 27. Qc5+ Qxc5 28. dxc5 Ne4 29. Ra3 Nxc5 30. Rxa7 Re7 31. Rxe7 Kxe7 32.
Re1+ Kf8 33. Re2 f5 34. g3 Ne4 35. g4 Rd4 36. gxf5 Nd6 37. Rf2 Nxf5 38. Kg2 Rd3
39. Rb2 Ra3 40. Kf2 Kg7 41. Ke2 Rh3 42. Kd1 Ne3+ 43. Kc1 Nd5 44. Rd2 Nxf4 45.
Kb2 Ne6 46. a4 Nc5 47. a5 Rb3+ 48. Kc2 Ra3 49. Rd5 Rxa5 50. Kb1 Nb3 51. Rd3 Rb5
52. Kc2 Na5 53. Rg3+ Kf6 54. Rh3 Kg6 55. Kd1 Rh5 56. Rg3+ Rg5 57. Rh3 Nc4 58.
Ke1 Ne5 59. Kf1 h5 60. Ra3 h4 61. Rb3 Kh5 62. Rb4 Rf5+ 63. Kg2 Rf2+ 64. Kh3
Rf3+ 65. Kg2 h3+ 66. Kg1 Ng4 67. Rb1 Rf2 68. Rb8 Rg2+ 69. Kh1 Nf2# 0-1

[Event "Bad Woerishofen op"]
[Site "?"]
[Date "2007.03.11"]
[Round "4"]
[White "Schweiger, Georg"]
[Black "Salvermoser, Bernd"]
[Result "1/2-1/2"]
[WhiteElo "2158"]
[BlackElo "2301"]
[PlyCount "114"]
[EventDate "2007.??.??"]

1. d4 Nf6 2. Nc3 d5 3. Bg5 Nbd7 4. e3 c6 5. f4 Qb6 6. Rb1 e6 7. Nf3 c5 8. Bxf6
gxf6 9. f5 Bh6 10. e4 dxe4 11. Nxe4 exf5 12. Nxc5 Nxc5 13. dxc5 Qxc5 14. Qe2+
Kf8 15. Qb5 Qe3+ 16. Be2 Be6 17. a3 Rd8 18. Kf1 Kg7 19. Re1 Rhe8 20. Rg1 Kh8
21. Qb4 Bf8 22. Qh4 Be7 23. Bd3 Qb6 24. g4 Rxd3 25. cxd3 fxg4 26. Rxg4 Bxg4 27.
Qxg4 Rg8 28. Qh3 Bd6 29. b4 Qb5 30. Nd4 Qd5 31. Nf5 Be5 32. Nh6 Qh1+ 33. Ke2
Rg2+ 34. Kd1 Qxh2 35. Nxf7+ Kg7 36. Qxh2 Bxh2 37. Nd8 Kg6 38. Nxb7 Ra2 39. Nc5
Rxa3 40. Ke2 h5 41. Kf3 Bd6 42. Ke4 a5 43. Rg1+ Kf7 44. Kd5 Bxc5 45. bxc5 Rxd3+
46. Kc4 Rd8 47. Kb5 Rc8 48. Kb6 h4 49. c6 f5 50. c7 Kf6 51. Kb7 Rh8 52. c8=Q
Rxc8 53. Kxc8 a4 54. Kd7 Ke5 55. Rh1 f4 56. Rxh4 Ke4 57. Rh1 f3 1/2-1/2

[Event "Bad Woerishofen op"]
[Site "?"]
[Date "2007.03.11"]
[Round "4"]
[White "Graf, Christian"]
[Black "Erenska-Barlo, Hanna"]
[Result "0-1"]
[WhiteElo "2145"]
[BlackElo "2275"]
[PlyCount "106"]
[EventDate "2007.??.??"]

1. e4 d6 2. d4 Nf6 3. Nc3 c6 4. Nf3 g6 5. Be2 Bg7 6. O-O O-O 7. a4 a5 8. h3 Na6
9. e5 Nd5 10. Nxd5 cxd5 11. exd6 Qxd6 12. c3 Nc7 13. Re1 Re8 14. Bf1 f6 15. Be3
Bd7 16. Qd2 Ne6 17. Nh2 Nd8 18. Ng4 Nf7 19. c4 Bc6 20. c5 Qd7 21. b4 axb4 22.
Qxb4 Rxa4 23. Rxa4 Bxa4 24. Ra1 Bc6 25. f4 e5 26. fxe5 fxe5 27. Rd1 h5 28. Nxe5
Nxe5 29. dxe5 Rxe5 30. Qf4 Qe8 31. Bf2 Rf5 32. Qd2 Bb5 33. g4 hxg4 34. hxg4 Rf7
35. Bxb5 Qxb5 36. Qxd5 Qe2 37. Rd2 Qxg4+ 38. Kf1 Qf4 39. Kg2 Bc3 40. Rd1 Qg4+
41. Kf1 Kg7 42. c6 bxc6 43. Qxc6 Bd4 44. Rd2 Qf4 45. Qc2 Qh4 46. Kg2 Qg4+ 47.
Kf1 Qh3+ 48. Ke1 Qh1+ 49. Ke2 Bxf2 50. Qc3+ Kh7 51. Rd8 Qh5+ 52. Kd2 Qg5+ 53.
Kc2 Qxd8 0-1

[Event "Bad Woerishofen op"]
[Site "?"]
[Date "2007.03.11"]
[Round "4"]
[White "Woerl, Richard"]
[Black "Strasser, Josef"]
[Result "1/2-1/2"]
[WhiteElo "2094"]
[BlackElo "1971"]
[PlyCount "110"]
[EventDate "2007.??.??"]

1. e4 d5 2. exd5 Nf6 3. d4 Nxd5 4. Nf3 Bg4 5. Be2 e6 6. O-O Be7 7. Re1 O-O 8.
Ne5 Bxe2 9. Qxe2 Nf6 10. c3 Nbd7 11. Nd3 c5 12. dxc5 Nxc5 13. Nxc5 Bxc5 14. Bg5
Be7 15. Nd2 Nd5 16. Bxe7 Qxe7 17. Qh5 Rfd8 18. Nf3 Nf6 19. Qh4 Rd5 20. Rad1
Rxd1 21. Rxd1 Rd8 22. Rxd8+ Qxd8 23. Qd4 Qxd4 24. Nxd4 Ne8 25. Nb3 Nc7 26. Na5
b5 27. Kf1 Kf8 28. Ke2 f6 29. Kd3 e5 30. c4 a6 31. cxb5 axb5 32. b3 Ke7 33. a4
Kd6 34. axb5 Nxb5 35. b4 Kd5 36. f3 Nd6 37. Nb3 f5 38. Nd2 g6 39. Nf1 e4+ 40.
fxe4+ fxe4+ 41. Ke3 g5 42. Nd2 Nf5+ 43. Ke2 Nd4+ 44. Kf2 h5 45. Nf1 Ke5 46. Ng3
h4 47. Nf1 Kd5 48. Ne3+ Ke5 49. h3 Nb5 50. g3 Nd4 51. Nd1 Kd5 52. Nc3+ Kc4 53.
Nxe4 hxg3+ 54. Nxg3 Ne6 55. Ne2 Kxb4 1/2-1/2

[Event "Bad Woerishofen sen"]
[Site "?"]
[Date "2007.03.11"]
[Round "4"]
[White "Budt Karl-Heinz"]
[Black "Braeu Ludwig"]
[Result "1-0"]
[WhiteElo "2162"]
[BlackElo "1961"]
[PlyCount "29"]
[EventDate "2007.??.??"]

1. c4 f5 2. d4 Nf6 3. Nf3 g6 4. e3 Bg7 5. Bd3 d6 6. O-O O-O 7. Nc3 Qe8 8. e4
fxe4 9. Nxe4 Nc6 10. Nxf6+ exf6 11. Re1 Qf7 12. b3 Bd7 13. Bb2 Rae8 14. Be4 f5
15. Bd5 1-0

[Event "Bad Woerishofen sen"]
[Site "?"]
[Date "2007.03.11"]
[Round "4"]
[White "Mack Dr. Thomas"]
[Black "Wulf Adalbert"]
[Result "1/2-1/2"]
[WhiteElo "2026"]
[BlackElo "1985"]
[PlyCount "36"]
[EventDate "2007.??.??"]

1. e4 d6 2. d4 g6 3. Nc3 Nf6 4. Be3 Bg7 5. Qd2 c6 6. Bh6 O-O 7. O-O-O b5 8. f3
a5 9. h4 a4 10. h5 Qc7 11. hxg6 fxg6 12. Bxg7 Kxg7 13. Qh6+ Kg8 14. e5 dxe5 15.
dxe5 Qxe5 16. Ne4 Nh5 17. Ng5 Qg7 18. Qxg7+ Kxg7 1/2-1/2

[Event "Bad Woerishofen sen"]
[Site "?"]
[Date "2007.03.11"]
[Round "4"]
[White "Hein Manfred"]
[Black "Miessner Rolf"]
[Result "1-0"]
[WhiteElo "2142"]
[BlackElo "1829"]
[PlyCount "61"]
[EventDate "2007.??.??"]

1. e4 e5 2. Nf3 Nf6 3. Nxe5 d6 4. Nf3 Nxe4 5. d4 d5 6. Bd3 Be7 7. Bf4 Nd7 8.
Nbd2 f5 9. Ne5 Ndf6 10. f3 Nd6 11. h3 Nh5 12. Bh2 f4 13. Qe2 Bh4+ 14. Kd1 O-O
15. c3 Nf5 16. Nf1 c6 17. Qd2 Nfg3 18. Rg1 Bf5 19. Kc2 Qf6 20. Rd1 Rae8 21.
Bxg3 fxg3 22. Ne3 Bg5 23. Bxf5 Qxf5+ 24. Nxf5 Bxd2 25. Nxg7 Kxg7 26. Kxd2 Re7
27. Nd3 Nf4 28. Nxf4 Rxf4 29. Rge1 Ref7 30. Re5 Kg6 31. Rde1 1-0

[Event "Bad Woerishofen op"]
[Site "?"]
[Date "2007.03.12"]
[Round "5"]
[White "Savchenko, Stanislav"]
[Black "Bu, Xiangzhi"]
[Result "0-1"]
[WhiteElo "2525"]
[BlackElo "2644"]
[PlyCount "82"]
[EventDate "2007.??.??"]

1. d4 Nf6 2. c4 g6 3. Nc3 d5 4. cxd5 Nxd5 5. e4 Nxc3 6. bxc3 Bg7 7. Bg5 c5 8.
Rc1 h6 9. Be3 Qa5 10. Qd2 cxd4 11. cxd4 Qxd2+ 12. Kxd2 O-O 13. Bb5 Rd8 14. Ne2
Nc6 15. Bxc6 bxc6 16. Rhd1 Rb8 17. Rc2 Rb4 18. Ke1 Ra4 19. f3 Ba6 20. Rdd2 Bc4
21. Nc3 Ra6 22. Ne2 Ra4 23. Nc3 Ra3 24. Kf2 f5 25. e5 Kf7 26. Nb1 Ra4 27. Nc3
Rb4 28. h4 e6 29. Ne2 Bf8 30. Nf4 Be7 31. g3 g5 32. hxg5 hxg5 33. Nd3 Bxd3 34.
Rxd3 c5 35. Rcd2 f4 36. gxf4 gxf4 37. Bxf4 cxd4 38. Rb3 Kg6 39. Rdb2 Bh4+ 40.
Ke2 d3+ 41. Ke3 Rxf4 0-1

[Event "Bad Woerishofen op"]
[Site "?"]
[Date "2007.03.12"]
[Round "5"]
[White "Romanishin, Oleg"]
[Black "Pirrot, Dieter"]
[Result "1-0"]
[WhiteElo "2572"]
[BlackElo "2420"]
[PlyCount "61"]
[EventDate "2007.??.??"]

1. d4 d5 2. Nf3 Nc6 3. g3 Bf5 4. Bg2 e6 5. O-O Be7 6. c4 Nf6 7. cxd5 exd5 8.
Bf4 Ne4 9. Nbd2 O-O 10. Rc1 Rc8 11. Nb3 Qd7 12. Ne1 b6 13. Nd3 f6 14. Be3 Nd8
15. f3 Nd6 16. Bf2 Qa4 17. Re1 c6 18. e4 dxe4 19. fxe4 Bg6 20. Nf4 Bf7 21. e5
Nc4 22. e6 Be8 23. d5 Nb7 24. Nd4 Qxd1 25. Rexd1 Nxb2 26. Rd2 Na4 27. Nf5 Ba3
28. Rc4 b5 29. Rxa4 bxa4 30. d6 Bg6 31. Ne7+ 1-0

[Event "Bad Woerishofen op"]
[Site "?"]
[Date "2007.03.12"]
[Round "5"]
[White "Levin, Felix"]
[Black "Pitl, Gregory"]
[Result "1/2-1/2"]
[WhiteElo "2510"]
[BlackElo "2357"]
[PlyCount "37"]
[EventDate "2007.??.??"]

1. d4 d5 2. c4 c6 3. Nc3 Nf6 4. e3 e6 5. Nf3 Nbd7 6. Qc2 Bd6 7. b3 O-O 8. Be2
b6 9. O-O Bb7 10. Bb2 Qe7 11. Rad1 Rfe8 12. Rfe1 Rad8 13. e4 Nxe4 14. Nxe4 dxe4
15. Qxe4 Bb4 16. Rf1 Bd6 17. Rfe1 Bb4 18. Rf1 Bd6 19. Rfe1 1/2-1/2

[Event "Bad Woerishofen op"]
[Site "?"]
[Date "2007.03.12"]
[Round "5"]
[White "Bromberger, Stefan"]
[Black "Fischer, Johann"]
[Result "1-0"]
[WhiteElo "2495"]
[BlackElo "2311"]
[PlyCount "53"]
[EventDate "2007.??.??"]

1. e4 c5 2. Nf3 Nc6 3. d4 cxd4 4. Nxd4 Nf6 5. Nc3 e5 6. Ndb5 d6 7. Bg5 a6 8.
Na3 b5 9. Nd5 Be7 10. Bxf6 Bxf6 11. c3 O-O 12. Nc2 Bg5 13. a4 bxa4 14. Rxa4 Bb7
15. Bc4 a5 16. Qd3 Ne7 17. O-O Bc6 18. Ra2 Qb8 19. Nxe7+ Bxe7 20. Ne3 Qb7 21.
Bd5 Rfb8 22. Rfa1 Bd8 23. Bxc6 Qxc6 24. Nd5 Kf8 25. g3 Be7 26. b4 axb4 27. cxb4
1-0

[Event "Bad Woerishofen op"]
[Site "?"]
[Date "2007.03.12"]
[Round "5"]
[White "Ris, Robert"]
[Black "Mainka, Romuald"]
[Result "0-1"]
[WhiteElo "2403"]
[BlackElo "2492"]
[PlyCount "82"]
[EventDate "2007.??.??"]

1. d4 Nf6 2. Nf3 e6 3. c4 d5 4. g3 Bb4+ 5. Bd2 Be7 6. Bg2 O-O 7. O-O c6 8. Qc2
b6 9. Rd1 Ba6 10. b3 Nbd7 11. Bf4 Rc8 12. Nc3 Nh5 13. Bc1 f5 14. a4 Rc7 15. e3
Qe8 16. Ne2 Bd6 17. Ba3 Bxa3 18. Rxa3 Qe7 19. Raa1 Re8 20. Nf4 Nhf6 21. Rac1
Ne4 22. Qb2 Bb7 23. Rc2 g5 24. Nd3 dxc4 25. bxc4 c5 26. Nfe5 g4 27. d5 exd5 28.
cxd5 Bxd5 29. Nf4 Qxe5 30. Nxd5 Rb7 31. Qb5 Qg7 32. Qc4 Kh8 33. Nf4 Ne5 34. Qe6
Rf8 35. Nh5 Qe7 36. Qh6 Rbb8 37. Bxe4 fxe4 38. Rd6 Rbd8 39. Rxd8 Rxd8 40. Kg2
Rd6 41. Qf4 Nd3 0-1

[Event "Bad Woerishofen op"]
[Site "?"]
[Date "2007.03.12"]
[Round "5"]
[White "Dittmar, Peter"]
[Black "van der Weide, Karel"]
[Result "0-1"]
[WhiteElo "2357"]
[BlackElo "2476"]
[PlyCount "88"]
[EventDate "2007.??.??"]

1. e4 c5 2. Nf3 e6 3. c3 Nf6 4. Bd3 b6 5. O-O Bb7 6. Re1 Be7 7. Bc2 Nc6 8. d3
Qc7 9. Nbd2 h6 10. a3 g5 11. Nf1 g4 12. N3d2 h5 13. b4 h4 14. bxc5 bxc5 15. Nc4
O-O-O 16. e5 Nd5 17. Bb2 Rdg8 18. d4 f5 19. Nfe3 g3 20. Nxd5 exd5 21. Nd2 gxh2+
22. Kh1 h3 23. g3 f4 24. gxf4 Qb6 25. Rb1 Na5 26. Bc1 Qh6 27. Nf3 Ba6 28. Bf5
Qg7 29. Ng5 Bxg5 30. fxg5 Qf7 31. Bg4 Qxf2 32. Rb2 Qg3 33. e6 Rh4 34. exd7+ Kc7
35. Bf3 Nc6 36. dxc5 Rf8 37. Bxd5 Rg4 38. Rxh2 Ne5 39. Be4 Qxe1+ 40. Qxe1 Rxe4
41. d8=Q+ Rxd8 42. Qg1 Rg4 43. Qxg4 Nxg4 44. Rd2 Rxd2 0-1

[Event "Bad Woerishofen op"]
[Site "?"]
[Date "2007.03.12"]
[Round "5"]
[White "Schulz, Michael"]
[Black "Galdunts, Sergey"]
[Result "0-1"]
[WhiteElo "2235"]
[BlackElo "2502"]
[PlyCount "68"]
[EventDate "2007.??.??"]

1. d4 d5 2. c4 e6 3. Nc3 c6 4. e3 f5 5. Nf3 Nf6 6. Bd3 Bd6 7. O-O O-O 8. Qc2
Nbd7 9. cxd5 cxd5 10. Bd2 a6 11. Rab1 Ne4 12. Be1 Rf6 13. b4 Rh6 14. g3 g5 15.
Nd2 Qe8 16. Ndxe4 dxe4 17. Be2 g4 18. Nxe4 fxe4 19. Qxe4 Nf6 20. Qg2 Bd7 21. e4
Bc6 22. f3 Qg6 23. Bd2 Nxe4 24. Bxh6 Nc3 25. Rb3 Nxe2+ 26. Qxe2 Qxh6 27. f4 Qg6
28. Re1 Bd5 29. Rb2 Rc8 30. Qd2 Rc4 31. a3 Bc7 32. Qf2 Bb6 33. Rd2 Qf6 34. Red1
Bf3 0-1

[Event "Bad Woerishofen op"]
[Site "?"]
[Date "2007.03.12"]
[Round "5"]
[White "Karpatchev, Alexander"]
[Black "Stabolewski, Andreas"]
[Result "1-0"]
[WhiteElo "2478"]
[BlackElo "2233"]
[PlyCount "43"]
[EventDate "2007.??.??"]

1. e4 c5 2. c3 d5 3. exd5 Qxd5 4. Nf3 Nf6 5. Na3 e6 6. d4 Qd8 7. Be2 Nc6 8. O-O
cxd4 9. Nb5 Be7 10. Nbxd4 Nxd4 11. Nxd4 O-O 12. Bf4 Nd5 13. Bg3 Bd6 14. Bxd6
Qxd6 15. Bf3 Rd8 16. Qb3 e5 17. Nb5 Qc5 18. Bxd5 Rxd5 19. Nc7 Rd2 20. Nxa8 b6
21. Rad1 Be6 22. Rxd2 1-0

[Event "Bad Woerishofen op"]
[Site "?"]
[Date "2007.03.12"]
[Round "5"]
[White "Langheinrich, Ferenc"]
[Black "Schaefer, Michael"]
[Result "1-0"]
[WhiteElo "2396"]
[BlackElo "2228"]
[PlyCount "57"]
[EventDate "2007.??.??"]

1. e4 c5 2. Nf3 e6 3. d4 cxd4 4. Nxd4 a6 5. Bd3 Nf6 6. c4 Nc6 7. Nf3 Bc5 8. h3
d6 9. Nc3 h6 10. Qe2 Nd4 11. Nxd4 Bxd4 12. Be3 Bxc3+ 13. bxc3 Qc7 14. O-O e5
15. f4 exf4 16. Bd4 Nd7 17. Qg4 Rg8 18. Qxf4 Ne5 19. Be2 b6 20. Rab1 Be6 21.
Rxb6 g5 22. Qf2 Nxc4 23. Bxc4 Bxc4 24. Rfb1 Rg6 25. Rb7 Qc8 26. Ba7 Qc6 27. Qd4
Rg8 28. R1b6 Qc5 29. Rb8+ 1-0

[Event "Bad Woerishofen op"]
[Site "?"]
[Date "2007.03.12"]
[Round "5"]
[White "Heika, Martin"]
[Black "Otterst„tter, Stefan"]
[Result "1-0"]
[WhiteElo "2394"]
[BlackElo "2227"]
[PlyCount "73"]
[EventDate "2007.??.??"]

1. e4 c5 2. Nf3 Nf6 3. e5 Nd5 4. d4 cxd4 5. Qxd4 e6 6. Bc4 Nc6 7. Qe4 d6 8.
exd6 Qxd6 9. O-O Be7 10. Rd1 Nf6 11. Qe2 Qc7 12. Nc3 a6 13. a4 O-O 14. Bg5 Bd7
15. Ne4 Nxe4 16. Qxe4 Be8 17. Bd3 g6 18. Bh6 f5 19. Qxe6+ Bf7 20. Qe1 Bb4 21.
Qf1 Rfe8 22. Bc4 Nd8 23. Bxf7+ Nxf7 24. Bd2 Re4 25. c3 Bc5 26. Ng5 Nxg5 27.
Bxg5 Rae8 28. g3 Qc6 29. Re1 Ba7 30. Rxe4 Rxe4 31. Qd3 Kg7 32. Rd1 Kf8 33. Qd8+
Re8 34. Bh6+ Kg8 35. Qd3 Bb6 36. Bg5 Qe4 37. h4 {ZÜ} 1-0

[Event "Bad Woerishofen op"]
[Site "?"]
[Date "2007.03.12"]
[Round "5"]
[White "Pluemer, Detlef"]
[Black "Anistratov, Dimitrij"]
[Result "0-1"]
[WhiteElo "2201"]
[BlackElo "2368"]
[PlyCount "76"]
[EventDate "2007.??.??"]

1. d4 d6 2. c4 Nf6 3. Nc3 g6 4. e4 Bg7 5. f3 O-O 6. Be3 Nc6 7. Nge2 a6 8. Qd2
Rb8 9. Rb1 Bd7 10. b4 b5 11. cxb5 axb5 12. d5 Ne5 13. Nd4 Qe8 14. Be2 c6 15.
dxc6 Bxc6 16. O-O Bd7 17. h3 Nh5 18. f4 Nc4 19. Bxc4 bxc4 20. g4 Nxf4 21. Bxf4
e5 22. Nf5 gxf5 23. Bh6 f4 24. Bxg7 Kxg7 25. Qxd6 Qe6 26. Rfd1 Qxd6 27. Rxd6
Be6 28. b5 h5 29. b6 hxg4 30. hxg4 Rh8 31. b7 Rh3 32. Ra6 Rxc3 33. Ra8 Rxb7 34.
Rxb7 Bxg4 35. Ra5 Rc1+ 36. Kf2 Rc2+ 37. Kg1 f3 38. Rb1 Bh3 0-1

[Event "Bad Woerishofen op"]
[Site "?"]
[Date "2007.03.12"]
[Round "5"]
[White "Espig, Lutz"]
[Black "Tochtrop, Matthias"]
[Result "1-0"]
[WhiteElo "2351"]
[BlackElo "2193"]
[PlyCount "67"]
[EventDate "2007.??.??"]

1. Nf3 Nf6 2. c4 c5 3. Nc3 d5 4. cxd5 Nxd5 5. g3 Nc6 6. Bg2 Nc7 7. a3 e5 8. b4
Bd6 9. bxc5 Bxc5 10. O-O O-O 11. Bb2 Re8 12. Qc2 Bf8 13. e3 Be6 14. Ne4 Bd5 15.
Rfd1 Qe7 16. Nc3 Be6 17. d4 exd4 18. Nxd4 Nxd4 19. Rxd4 Rab8 20. a4 Rec8 21.
Qd1 Qe8 22. Ne4 Rd8 23. Ng5 Bf5 24. h4 Ne6 25. Rxd8 Qxd8 26. Qf3 Nxg5 27. Qxf5
Ne6 28. Bd5 g6 29. Qe4 Bg7 30. Bxg7 Kxg7 31. Bxe6 Qf6 32. Rb1 Qxe6 33. Qd4+ Kh6
34. Qf4+ 1-0

[Event "Bad Woerishofen op"]
[Site "?"]
[Date "2007.03.12"]
[Round "5"]
[White "Fischer, Thomas"]
[Black "Lupor, Stefan"]
[Result "1/2-1/2"]
[WhiteElo "2179"]
[BlackElo "2284"]
[PlyCount "37"]
[EventDate "2007.??.??"]

1. f4 Nf6 2. Nf3 g6 3. b3 Bg7 4. Bb2 O-O 5. e3 c5 6. Be2 d6 7. O-O Nc6 8. c4 e5
9. Nc3 exf4 10. exf4 d5 11. Nxd5 Nxd5 12. Bxg7 Kxg7 13. cxd5 Qxd5 14. Qc2 Bf5
15. Qc3+ f6 16. Bb5 Nd4 17. Bc4 Qd6 18. Nxd4 cxd4 19. Qf3 1/2-1/2

[Event "Bad Woerishofen op"]
[Site "?"]
[Date "2007.03.12"]
[Round "5"]
[White "Schmitzer, Peter"]
[Black "Braun, Peter"]
[Result "0-1"]
[WhiteElo "2113"]
[BlackElo "2275"]
[PlyCount "96"]
[EventDate "2007.??.??"]

1. d4 d5 2. Nf3 e6 3. Bf4 c5 4. e3 Nc6 5. a3 Nf6 6. Be2 Be7 7. Nc3 O-O 8. dxc5
Bxc5 9. O-O b6 10. Nb5 Bb7 11. Nfd4 Qd7 12. Nxc6 Bxc6 13. Nd4 Bb7 14. g4 Bd6
15. Bxd6 Qxd6 16. Bd3 g6 17. g5 Nd7 18. f4 e5 19. Nb5 Qc5 20. Qd2 exf4 21. Rxf4
d4 22. Nxd4 Qxg5+ 23. Kf2 Qg2+ 24. Ke1 Qg1+ 25. Rf1 Qg4 26. Qf2 Rae8 27. Kd2
Nc5 28. Rae1 Re7 29. Qf6 Qd7 30. Kc1 Be4 31. Bb5 Qc7 32. Rf2 a6 33. Bf1 b5 34.
b3 Ne6 35. Kb2 Rc8 36. c4 Nc5 37. Rd2 bxc4 38. bxc4 Qa5 39. Red1 Na4+ 40. Ka1
Qc3+ 41. Ka2 Rb7 42. Qf2 Rcb8 43. Nb5 axb5 44. cxb5 Qe5 45. Rd8+ Rxd8 46. Rxd8+
Kg7 47. Kb3 Qc3+ 48. Ka2 Bc2 0-1

[Event "Bad Woerishofen op"]
[Site "?"]
[Date "2007.03.12"]
[Round "5"]
[White "Schweiger, Georg"]
[Black "Skembris, Spyridon"]
[Result "0-1"]
[WhiteElo "2158"]
[BlackElo "2459"]
[PlyCount "70"]
[EventDate "2007.??.??"]

1. d4 Nf6 2. Nc3 d5 3. Bg5 Nbd7 4. e3 c6 5. Nf3 Qb6 6. Rb1 g6 7. Bd3 Bg7 8. O-O
O-O 9. h3 Re8 10. Ne2 e5 11. dxe5 Nxe5 12. Nxe5 Rxe5 13. Bf4 Re8 14. c3 Ne4 15.
Bxe4 dxe4 16. Qa4 Be6 17. Nd4 Bd7 18. Rfd1 Rad8 19. Nb3 Be6 20. Nd4 Bc8 21. Qb3
Qa5 22. a4 Qh5 23. Qc2 g5 24. Bg3 Qg6 25. Kf1 b6 26. b4 h5 27. b5 Bb7 28. Ne2
Rd3 29. h4 gxh4 30. Bxh4 c5 31. c4 Qg4 32. g3 Qh3+ 33. Kg1 Be5 34. Nc1 Re6 35.
Qe2 Rg6 0-1

[Event "Bad Woerishofen op"]
[Site "?"]
[Date "2007.03.12"]
[Round "5"]
[White "Koller, Hubert"]
[Black "Loew, Gerald"]
[Result "1/2-1/2"]
[WhiteElo "2123"]
[BlackElo "2285"]
[PlyCount "33"]
[EventDate "2007.??.??"]

1. Nf3 c5 2. g3 g6 3. Bg2 Bg7 4. O-O Nc6 5. c4 e5 6. Nc3 Nge7 7. d3 O-O 8. Bg5
f6 9. Bd2 d6 10. a3 Be6 11. e4 a6 12. Nd5 b5 13. b4 Nd4 14. Nxd4 cxd4 15. Qb3
Nxd5 16. cxd5 Bd7 17. Rac1 1/2-1/2

[Event "Bad Woerishofen op"]
[Site "?"]
[Date "2007.03.12"]
[Round "5"]
[White "Wacker, Peter"]
[Black "Bartels, Holger"]
[Result "1-0"]
[WhiteElo "2278"]
[BlackElo "2143"]
[PlyCount "81"]
[EventDate "2007.??.??"]

1. e4 c5 2. Nf3 e6 3. d4 cxd4 4. Nxd4 a6 5. Nc3 Qc7 6. Be3 Bb4 7. Nde2 Nc6 8.
a3 Be7 9. Na4 b5 10. Nb6 Rb8 11. Nxc8 Qxc8 12. Ng3 Nf6 13. f4 O-O 14. Bd3 g6
15. O-O Rd8 16. Kh1 d5 17. e5 Ne8 18. Qe2 Ng7 19. Qf2 Rd7 20. Ne2 Rc7 21. g4
Bf8 22. Qg3 Qb7 23. Bd4 Nxd4 24. Nxd4 Bc5 25. Nf3 Qc6 26. h3 Rf8 27. Rae1 a5
28. Re2 b4 29. axb4 axb4 30. Rg2 Ra7 31. f5 exf5 32. gxf5 Be3 33. Nh2 d4 34.
Ng4 Nh5 35. Qh4 Kh8 36. fxg6 hxg6 37. Nf6 Ra5 38. Nxh5 gxh5 39. Rf6 Ra1+ 40.
Kh2 Bg1+ 41. Rxg1 1-0

[Event "Bad Woerishofen op"]
[Site "?"]
[Date "2007.03.12"]
[Round "5"]
[White "Waldschmidt, Georg"]
[Black "Weidlich, Guenter"]
[Result "1/2-1/2"]
[WhiteElo "2210"]
[BlackElo "2136"]
[PlyCount "48"]
[EventDate "2007.??.??"]

1. e4 c5 2. c3 d5 3. exd5 Qxd5 4. d4 e6 5. Nf3 Nf6 6. Be3 cxd4 7. cxd4 Be7 8.
Nc3 Qd8 9. Bd3 O-O 10. O-O Nbd7 11. Qe2 Nb6 12. Rad1 Nbd5 13. Ne5 Bd7 14. Bg5
Rc8 15. Nxd5 Nxd5 16. Qh5 f5 17. Bc1 Bc6 18. Bc4 Bf6 19. Rfe1 Re8 20. Qf7+ Kh8
21. Nxc6 Rxc6 22. Bb3 Re7 23. Qh5 Rd6 24. Rd3 Qe8 1/2-1/2

[Event "Bad Woerishofen op"]
[Site "?"]
[Date "2007.03.12"]
[Round "5"]
[White "Kugelmann, Werner"]
[Black "Gerstner, Bernhard"]
[Result "1-0"]
[WhiteElo "2206"]
[BlackElo "2121"]
[PlyCount "36"]
[EventDate "2007.??.??"]

1. e4 e5 2. Nf3 Nc6 3. Bb5 a6 4. Bxc6 dxc6 5. O-O f6 6. d4 exd4 7. Nxd4 c5 8.
Nb3 Qxd1 9. Rxd1 Bg4 10. f3 Be6 11. Be3 b6 12. Nc3 Bd6 13. Nd5 O-O-O 14. a4 Ne7
15. c4 f5 16. e5 Bxe5 17. Nxe7+ Kb7 18. Nd5 Bxb2 1-0

[Event "Bad Woerishofen op"]
[Site "?"]
[Date "2007.03.12"]
[Round "5"]
[White "Sargin, Anatol"]
[Black "Goris, Ton"]
[Result "1-0"]
[WhiteElo "2186"]
[BlackElo "2073"]
[PlyCount "79"]
[EventDate "2007.??.??"]

1. e4 e6 2. d4 d5 3. Nc3 Bb4 4. e5 c5 5. a3 Bxc3+ 6. bxc3 Qc7 7. Qg4 f5 8. Qg3
cxd4 9. cxd4 Ne7 10. Bd2 O-O 11. Bd3 b6 12. Ne2 Ba6 13. Nf4 Qd7 14. h4 Bxd3 15.
Qxd3 Nbc6 16. Rh3 Ng6 17. Nxg6 hxg6 18. Rg3 Ne7 19. Bb4 Rac8 20. h5 f4 21. Bxe7
fxg3 22. Bxf8 gxf2+ 23. Ke2 Rxf8 24. hxg6 Qc6 25. Rf1 Rc8 26. Kd2 Qc4 27. Rxf2
Qxd3+ 28. Kxd3 Rc7 29. c3 b5 30. Kc2 a5 31. Rf7 Rxf7 32. gxf7+ Kxf7 33. Kb3 Kg6
34. a4 bxa4+ 35. Kxa4 Kf5 36. Kxa5 Ke4 37. Kb5 Kd3 38. Kb4 g5 39. g4 Ke4 40.
Kc5 1-0

[Event "Bad Woerishofen op"]
[Site "?"]
[Date "2007.03.12"]
[Round "5"]
[White "Rahls, Peter"]
[Black "Witte, Ronald"]
[Result "1-0"]
[WhiteElo "2338"]
[BlackElo "2095"]
[PlyCount "53"]
[EventDate "2007.??.??"]

1. e4 c5 2. c3 d5 3. exd5 Qxd5 4. d4 Nf6 5. Nf3 Nc6 6. Be2 cxd4 7. cxd4 e6 8.
Nc3 Qd6 9. O-O a6 10. Be3 Be7 11. a3 O-O 12. Qc2 b5 13. b4 Bb7 14. Rfd1 Rfd8
15. Ng5 Nb8 16. d5 exd5 17. Bf3 Qc7 18. Bd4 Nbd7 19. Qf5 g6 20. Qh3 Ne5 21. Re1
Bd6 22. Bxd5 Bxd5 23. Nxd5 Nxd5 24. Qxh7+ Kf8 25. Bxe5 Bxe5 26. Rxe5 Nf6 27.
Qh8+ 1-0

[Event "Bad Woerishofen op"]
[Site "?"]
[Date "2007.03.12"]
[Round "5"]
[White "Reinke, Kurt"]
[Black "Graf, Christian"]
[Result "0-1"]
[WhiteElo "2018"]
[BlackElo "2145"]
[PlyCount "53"]
[EventDate "2007.??.??"]

1. d4 d5 2. c4 c6 3. Nf3 Nf6 4. Nc3 dxc4 5. a4 Bf5 6. e3 e6 7. Bxc4 Bb4 8. O-O
O-O 9. Bd2 a5 10. Ne5 Nbd7 11. f4 Nb6 12. Bb3 c5 13. g4 Bg6 14. Nxg6 hxg6 15.
Qf3 cxd4 16. exd4 Rc8 17. f5 gxf5 18. gxf5 exf5 19. Qxf5 Qxd4+ 20. Rf2 Bc5 21.
Be1 Qg4+ 22. Kh1 Bxf2 23. Qxf2 Nc4 24. Bd1 Qh3 25. b3 Ne5 26. Ne2 Nd3 27. Qg3
0-1